000 00575nam a2200229Ia 4500
003 OSt
005 20220928141244.0
006 a|||||r|||| 00| 0
007 ta
008 220927b |||||||| |||| 00| 0 eng d
024 _a14212
037 _cTextual
040 _aSDCL
_cSDCL
_beng
041 _2eng
_aeng
082 _aB3, N6
100 _aSomasundaram D
245 0 _aFirst course in mathematical analysis.
260 _c1996
700 _a Choudhary B
_9499488
942 _hB3, N6
_cTEXL
_2CC
999 _c816621
_d816621